000
00311nam a22001337a 4500
008
260225b |||||||| |||| 00| 0 eng d
040
_a
04
100
_a
ROBBINS, STEPHAN.P
245
_a
ORGANIZATIONAL BEHAVIOUR
260
_a
PEARSON PUB
300
_a
796
650
_a
ORGANIZATIONAL BEHAVIOUR
942
_c
02
999
_c
67092
_d
67092